365 Goodnight Stories/ (Record no. 203534)
[ view plain ]
| 000 -LEADER | |
|---|---|
| fixed length control field | 00439 a2200181 4500 |
| 005 - DATE AND TIME OF LATEST TRANSACTION | |
| control field | 20240606152754.0 |
| 010 ## - LCCN (DPL NO) | |
| LC control number | B-759302 |
| 020 ## - INTERNATIONAL STANDARD BOOK NUMBER | |
| International Standard Book Number | 9788131934067 |
| Terms of availability | 595.00 |
| 035 ## - SYSTEM CONTROL NUMBER | |
| System control number | B-759302 |
| 037 ## - SOURCE OF ACQUISITION | |
| Source of stock number/acquisition | Gift |
| 082 ## - DEWEY DECIMAL CLASSIFICATION NUMBER | |
| Classification number | S |
| 245 ## - TITLE STATEMENT | |
| Title | 365 Goodnight Stories/ |
| 260 ## - PUBLICATION, DISTRIBUTION, ETC. (IMPRINT) | |
| Place of publication, distribution, etc | New Delhi |
| Name of publisher, distributor, etc | Vishu Books |
| 270 ## - ADDRESS | |
| Address | New Delhi |
| 300 ## - PHYSICAL DESCRIPTION | |
| Extent | 200 p. |
| Dimensions | 28 cm(Hb) |
| 942 ## - ADDED ENTRY ELEMENTS (KOHA) | |
| Institution code [OBSOLETE] | dpl |
| Item type | Children Books |
| Source of classification or shelving scheme | Dewey Decimal Classification |
| Classification part | S |
| Call number suffix | 365 |
| Withdrawn status | Lost status | Not for loan | Collection code | Home library | Current library | Date acquired | Source of acquisition | Cost, normal purchase price | Full call number | Barcode | Copy number | Cost, replacement price | Koha item type | Public note |
|---|---|---|---|---|---|---|---|---|---|---|---|---|---|---|
| Fiction | Ashok Vihar | Ashok Vihar | 06/06/2024 | Gift/28.5.24 | 595.00 | S 365 | B-759302 | 1 | 595.00 | Children Books | Gift |
